| 000 | 00478pab a2200169 454500 | ||
|---|---|---|---|
| 008 | 180718b2004 xxu||||| |||| 00| 0 eng d | ||
| 100 | _aEdralin, Josefa S. | ||
| 245 | _aTargeting human security and ethical governance in the Phillippines | ||
| 260 | _c2004 | ||
| 300 | _ap.44-67. | ||
| 362 | _aAutumn | ||
| 650 | _aSocial security - Philippines | ||
| 650 | _aSocial security | ||
| 700 | _aCollado, Cristino M. | ||
| 773 | _aRegional Development Dialogue | ||
| 909 | _a61836 | ||
| 999 |
_c61836 _d61836 |
||